000 00804nam a22002657a 4500
001 4490
003 FISKH
005 20240912094809.0
008 240912b cb ||||| |||| 00| 0 eng d
020 _a070918004957
040 _aFISKH
_beng
_cFISKH
_dFISKH
050 _aPZ8.B452
100 _aBergen, Lara
_eauthor
245 _aThe rat pack :
_bA puppet countdown adventure /
_cby Lara Bergen
260 _aCanada :
_bGosset & Dunlap, Inc ;
_c1997 .
300 _a24 pages :
_bcolor illustrations ;
_c21 cm .
505 _aG
520 _aThe rat is getting ready for the countdown adventure .
521 8 _a400
_bLexile estimate
521 8 _aG
_bRaz-Plus
650 _acounting
_vfiction
700 _aBrannon, Tom
_eillustrator
942 _2ddc
_cBK
_n0
999 _c4490
_d4490